[Event "Chigorin Memorial 2014"]
[Site "St Petersburg RUS"]
[Date "2014.10.23"]
[Round "6.42"]
[White "Ziaziulkina, Nastassia"]
[Black "Kharmunova, Nadezhda"]
[Result "1-0"]
[WhiteTitle "IM"]
[BlackTitle "WIM"]
[WhiteElo "2429"]
[BlackElo "2206"]
[WhiteFideId "13505211"]
[BlackFideId "4195876"]
[EventDate "2014.10.18"]

1. e4 c6 2. Nc3 d5 3. Nf3 d4 4. Ne2 c5 5. c3 Nc6 6. cxd4 cxd4 7. Qa4 Bd7 8.
Nexd4 Nf6 9. Nxc6 bxc6 10. Bc4 Qc7 11. O-O e6 12. d3 Be7 13. Bd2 O-O 14. Bc3 Qf4
15. h3 Rfd8 16. Be5 Qh6 17. Ba6 c5 18. Qc2 Bc8 19. Bc4 Bb7 20. Qb3 Bc6 21. Bxe6
Be8 22. Bc4 Qh5 23. Bg3 h6 24. Rac1 Rac8 25. Qb7 Bf8 26. Qxa7 Ra8 27. Qb7 1-0

[Event "Chigorin Memorial 2014"]
[Site "St Petersburg RUS"]
[Date "2014.10.23"]
[Round "6.43"]
[White "Grinblat, Artemiy"]
[Black "Gochelashvili, David"]
[Result "0-1"]
[BlackTitle "IM"]
[WhiteElo "2100"]
[BlackElo "2427"]
[WhiteFideId "14135272"]
[BlackFideId "4161203"]
[EventDate "2014.10.18"]

1. e4 c5 2. c3 d5 3. exd5 Qxd5 4. d4 Nc6 5. Nf3 Bf5 6. dxc5 Qxd1+ 7. Kxd1 O-O-O+
8. Ke1 e5 9. Be3 Nge7 10. Nbd2 Nd5 11. Nb3 f6 12. Bb5 g5 13. Nfd2 Be7 14. Ke2
Rd7 15. Rhd1 Rhd8 16. Nc4 Be6 17. Nca5 Kc7 18. Nxc6 bxc6 19. Ba6 f5 20. f3 g4
21. Rd2 gxf3+ 22. gxf3 Nxe3 23. Rxd7+ Rxd7 24. Kxe3 Bg5+ 25. Ke2 Bxb3 26. axb3
Rd2+ 27. Kf1 Rxh2 28. Kg1 Rxb2 29. Bd3 Be3+ 30. Kh1 Bxc5 31. Bxf5 Rxb3 32. Bxh7
Rxc3 33. Be4 Ba3 34. Kg2 a5 35. Kf2 Kb6 36. Ke2 Kc5 0-1

[Event "Chigorin Memorial 2014"]
[Site "St Petersburg RUS"]
[Date "2014.10.23"]
[Round "6.44"]
[White "Ofitserian, Boris"]
[Black "Smirnov, Pavel"]
[Result "0-1"]
[BlackTitle "GM"]
[WhiteElo "2282"]
[BlackElo "2611"]
[WhiteFideId "24199443"]
[BlackFideId "4123425"]
[EventDate "2014.10.18"]

1. e4 c5 2. Nf3 d6 3. d4 cxd4 4. Nxd4 Nf6 5. Nc3 a6 6. h3 e6 7. g4 h6 8. Bg2 Qc7
9. Be3 b5 10. O-O Bb7 11. a3 Nbd7 12. f4 Nc5 13. g5 Nfxe4 14. Nxe4 Bxe4 15. Bxe4
Nxe4 16. g6 d5 17. Qg4 Bc5 18. Rae1 Bxd4 19. gxf7+ Qxf7 20. Bxd4 h5 21. Qh4 O-O
22. Re2 Rae8 23. Be5 g5 24. Rg2 Kh7 25. Qe1 Qf5 26. Qe2 gxf4 27. Rg7+ Kh6 28.
Qg2 Ng3 29. Rxf4 Qxe5 30. Rxf8 Rxf8 31. Rxg3 Qd4+ 32. Kh1 Rf2 33. Rg6+ Kh7 34.
Rg7+ Qxg7 35. Qxf2 Qe5 36. Qa7+ Kg6 37. Qxa6 Qe1+ 38. Kh2 Qe2+ 39. Kg1 Kf5 40.
Qc8 Qe3+ 41. Kg2 Qe2+ 42. Kg1 Kf4 43. Qf8+ Kg3 44. Qg7+ Kxh3 45. Qc3+ Kh4 46.
Qf6+ Kg3 47. Qg7+ Qg4 48. Qc3+ Kh4+ 49. Kf2 Qf4+ 50. Kg2 e5 51. b3 Kg4 52. Qc8+
Kg5 53. Qg8+ Kf5 54. Qh7+ Ke6 55. Qg6+ Kd7 56. Qg7+ Ke6 57. Qg6+ Qf6 58. Qe8+
Kd6 59. Qb8+ Kc5 60. Qa7+ Qb6 61. Qe7+ Qd6 62. Qa7+ Kc6 63. Qa6+ Kc7 64. Qxb5
Qg6+ 0-1

[Event "Chigorin Memorial 2014"]
[Site "St Petersburg RUS"]
[Date "2014.10.23"]
[Round "6.45"]
[White "Sivuk, Vitaly"]
[Black "Sichinava, Zviad"]
[Result "1/2-1/2"]
[WhiteTitle "IM"]
[WhiteElo "2523"]
[BlackElo "2275"]
[WhiteFideId "14116502"]
[BlackFideId "24111716"]
[EventDate "2014.10.18"]

1. d4 Nf6 2. c4 c5 3. d5 b5 4. cxb5 a6 5. bxa6 Bxa6 6. Nc3 g6 7. e4 Bxf1 8. Kxf1
d6 9. g3 Bg7 10. Kg2 O-O 11. Nf3 Nbd7 12. Re1 Ra6 13. h3 Qa8 14. Bg5 e6 15. dxe6
fxe6 16. a4 d5 17. exd5 Nxd5 18. Nxd5 exd5 19. Re7 Nf6 20. Qc1 Ne4 21. Bh6 Ra7
22. Rxa7 Qxa7 23. Bxg7 Qxg7 24. Qd1 d4 25. Qb3+ Kh8 26. Re1 Nf6 27. Ng5 Qd7 28.
Qf3 d3 29. b3 h6 30. Ne4 Qd4 31. Nd2 Qc3 32. Rd1 Kg7 33. a5 Qc2 34. a6 Nd7 35.
Qb7 Rf7 36. Rf1 Nf6 37. Qb8 Qxd2 38. a7 Ne4 39. Qe5+ Kh7 40. Qxe4 Rxa7 41. Qd5
Qe2 42. Qxc5 Qe4+ 43. Kg1 Rd7 44. Qe3 Qb4 45. Rb1 Qc3 46. Qc1 Qb4 47. Qc4 Re7
48. Kg2 d2 49. Qg4 Re1 50. Rd1 1/2-1/2

[Event "Chigorin Memorial 2014"]
[Site "St Petersburg RUS"]
[Date "2014.10.23"]
[Round "6.46"]
[White "Samdanov, Samdan"]
[Black "Airapetian, Gor"]
[Result "1-0"]
[BlackTitle "IM"]
[WhiteElo "2278"]
[BlackElo "2502"]
[WhiteFideId "4188101"]
[BlackFideId "4177916"]
[EventDate "2014.10.18"]

1. d4 d5 2. c4 c6 3. Nf3 Nf6 4. Nc3 e6 5. Bg5 h6 6. Bh4 dxc4 7. e4 g5 8. Bg3 b5
9. Be2 Bb7 10. O-O Nbd7 11. Ne5 h5 12. Nxd7 Qxd7 13. Be5 Rh6 14. Qc1 Rg6 15. Rd1
Ng4 16. Bg3 Nf6 17. b3 b4 18. Na4 c3 19. a3 Nxe4 20. Nc5 Bxc5 21. dxc5 Qe7 22.
axb4 Nxg3 23. fxg3 g4 24. Qxc3 e5 25. Bd3 Rg5 26. b5 e4 27. Qh8+ Qf8 28. Qxf8+
Kxf8 29. Bxe4 Rxc5 30. Rd7 Bc8 31. Rd8+ Ke7 32. Rad1 Rb8 33. Bxc6 a6 34. Re8+
Kf6 35. Rd6+ Kg7 36. Rdd8 Rc1+ 37. Kf2 Rc2+ 38. Ke3 axb5 39. Rxc8 Rc3+ 40. Kd4
Rxc8 41. Rxc8 Rxb3 42. Rc7 Rb2 43. Bd5 Rf2 44. Rb7 Kg6 45. Rxb5 f5 46. Rb8 1-0

[Event "Chigorin Memorial 2014"]
[Site "St Petersburg RUS"]
[Date "2014.10.23"]
[Round "6.47"]
[White "Ulko, Jaroslav"]
[Black "Shemeakin, Alexander"]
[Result "1-0"]
[WhiteTitle "IM"]
[BlackTitle "IM"]
[WhiteElo "2489"]
[BlackElo "2270"]
[WhiteFideId "4116658"]
[BlackFideId "14101840"]
[EventDate "2014.10.18"]

1. d4 Nf6 2. Nf3 e6 3. e3 c5 4. Bd3 Nc6 5. O-O d5 6. b3 Be7 7. Bb2 O-O 8. Nbd2
cxd4 9. exd4 Bd7 10. a3 Qb6 11. Qe2 Rac8 12. Rab1 Qd8 13. Ne5 Nxe5 14. dxe5 Ne8
15. c4 Nc7 16. Rbd1 Bc6 17. Nf3 Qe8 18. Nd4 dxc4 19. Bxc4 Bd5 20. Bd3 Bc5 21. b4
Bb6 22. Bb1 a6 23. Qd3 g6 24. Qg3 Bc4 25. Rfe1 Nb5 26. Nf3 Bd5 27. Ng5 Bd8 28.
Nxh7 Kxh7 29. Rxd5 Kg7 30. Rdd1 Rh8 31. Qf3 Qe7 32. g3 Na7 33. Be4 Nc6 34. Rd6
Qe8 35. Red1 Be7 36. Rd7 Rh5 37. Rxb7 Nd8 38. Ra7 1-0

[Event "Chigorin Memorial 2014"]
[Site "St Petersburg RUS"]
[Date "2014.10.23"]
[Round "6.48"]
[White "Solovyov, Viktor"]
[Black "Krapivin, Alexander"]
[Result "1-0"]
[BlackTitle "GM"]
[WhiteElo "2266"]
[BlackElo "2442"]
[WhiteFideId "4102754"]
[BlackFideId "4154720"]
[EventDate "2014.10.18"]

1. Nf3 Nf6 2. c4 b6 3. g3 Bb7 4. Bg2 e6 5. O-O Be7 6. Nc3 O-O 7. Re1 d5 8. cxd5
Nxd5 9. e4 Nxc3 10. bxc3 c5 11. d4 cxd4 12. cxd4 Na6 13. Bb2 Bf6 14. Qa4 Rc8 15.
Rad1 Qe8 16. Qb3 Bc6 17. Rc1 Bb7 18. Ba3 Rxc1 19. Rxc1 Be7 20. Ne5 Qd8 21. Nc6
Bxc6 22. Rxc6 Bxa3 23. Qxa3 Nb8 24. Rd6 Qc7 25. e5 h6 26. Be4 a6 27. Qb4 b5 28.
Kg2 Re8 29. Qc5 Qa5 30. a3 Qe1 31. Bf3 Qa1 32. Bb7 g5 33. Bf3 Kg7 34. Bh5 Qb2
35. Qa7 Rf8 36. Rxe6 Qxa3 37. Rg6+ Kh8 38. Rxh6+ Kg8 39. e6 Kg7 40. Rg6+ Kh8 41.
exf7 Qb3 42. Qc5 1-0

[Event "Chigorin Memorial 2014"]
[Site "St Petersburg RUS"]
[Date "2014.10.23"]
[Round "6.50"]
[White "Molchanova, Tatjana"]
[Black "Bodnaruk, Anastasia"]
[Result "0-1"]
[WhiteTitle "WGM"]
[BlackTitle "IM"]
[WhiteElo "2265"]
[BlackElo "2440"]
[WhiteFideId "4132203"]
[BlackFideId "4181751"]
[EventDate "2014.10.18"]

1. e4 d6 2. d4 Nf6 3. Nc3 g6 4. f3 a6 5. Bc4 Nbd7 6. Be3 Bg7 7. Bb3 O-O 8. Qd2
e5 9. dxe5 Nxe5 10. O-O-O b5 11. Bh6 Bxh6 12. Qxh6 c5 13. Bd5 Ra7 14. Nge2 b4
15. Nb1 Nxd5 16. exd5 Qa5 17. a3 Rb7 18. axb4 Rxb4 19. Nec3 Bf5 20. g4 Qa1 21.
gxf5 Qxb2+ 22. Kd2 Re8 23. Ne4 Nxf3+ 24. Ke3 Qxc2 0-1

[Event "Chigorin Memorial 2014"]
[Site "St Petersburg RUS"]
[Date "2014.10.23"]
[Round "6.51"]
[White "Usmanov, Vasily"]
[Black "Tugarin, Anton"]
[Result "0-1"]
[WhiteTitle "IM"]
[WhiteElo "2427"]
[BlackElo "2242"]
[WhiteFideId "4135741"]
[BlackFideId "24151246"]
[EventDate "2014.10.18"]

1. c4 e6 2. g3 d5 3. Bg2 c6 4. Nf3 dxc4 5. O-O b5 6. b3 cxb3 7. Qxb3 Nf6 8. Bb2
Bb7 9. Rc1 a6 10. Ne5 Nd5 11. Qf3 Qc7 12. d4 Bb4 13. e4 Nb6 14. d5 O-O 15. dxc6
Nxc6 16. Nxc6 Bxc6 17. a3 Ba5 18. Rc5 f6 19. Qg4 Qb7 20. Nc3 Rac8 21. Rd1 Qe7
22. Rh5 Be8 23. Ne2 Bxh5 24. Qxh5 e5 25. f4 Nc4 26. Bc1 Rfd8 27. Rf1 Bb6+ 28.
Kh1 Ne3 29. Bxe3 Bxe3 30. Bh3 Rc2 31. Bf5 g6 32. Qg4 Kg7 33. fxe5 Qxe5 34. Nf4
Bxf4 35. gxf4 Qb2 36. e5 Rc1 37. exf6+ Kf8 38. Rg1 Rxg1+ 39. Kxg1 Qxf6 40. Be4
Qd4+ 0-1

[Event "Chigorin Memorial 2014"]
[Site "St Petersburg RUS"]
[Date "2014.10.23"]
[Round "6.52"]
[White "Davletbayeva, Madina"]
[Black "Tunik, Gennady"]
[Result "1/2-1/2"]
[WhiteTitle "WIM"]
[BlackTitle "GM"]
[WhiteElo "2263"]
[BlackElo "2417"]
[WhiteFideId "13703595"]
[BlackFideId "4101219"]
[EventDate "2014.10.18"]

1. e4 c5 2. Nf3 e6 3. g3 d6 4. Bg2 Nf6 5. Qe2 Nc6 6. O-O e5 7. h3 g6 8. c3 Bg7
9. Rd1 O-O 10. d4 exd4 11. cxd4 Re8 12. Nc3 cxd4 13. Nxd4 Nxe4 14. Nxc6 Nxc3 15.
bxc3 bxc6 16. Rxd6 Ba6 17. Rxd8 Bxe2 18. Rxa8 Rxa8 19. Be3 a5 20. a4 Rc8 21. Re1
Bc4 22. Bb6 Bb3 23. Bxa5 Bxa4 24. h4 Bb3 25. Rb1 Be6 26. Rb7 c5 27. Kh2 h5 28.
Bh3 f5 29. Bg2 Bf7 30. Rb5 Bf8 31. Rb7 Re8 32. Bf3 Bc4 33. Bb6 Re6 34. Kg2 Bd6
35. Bc7 Be7 36. Bf4 Kf8 37. Be3 Bd6 38. Rd7 Ke8 39. Ra7 Re7 40. Ra4 Bd3 41. Bg5
Re6 42. Bc6+ Kf7 43. Ra7+ Kg8 44. Bd5 Be4+ 45. Bxe4 fxe4 46. Ra6 Kf7 47. Rc6 Ke8
48. Kf1 Kd7 49. Ra6 Be5 50. Ra3 Rb6 51. Ke2 Ke6 52. Be3 Kd5 53. Ra5 Rb2+ 54. Kd1
Bd6 55. Ra4 Be5 56. Ra5 Bd6 57. Ra4 Be5 1/2-1/2

[Event "Chigorin Memorial 2014"]
[Site "St Petersburg RUS"]
[Date "2014.10.23"]
[Round "6.53"]
[White "Kosarev, Aleksey"]
[Black "Khusenkhojaev, Muhammad"]
[Result "0-1"]
[BlackTitle "IM"]
[WhiteElo "2237"]
[BlackElo "2416"]
[WhiteFideId "24172960"]
[BlackFideId "14700247"]
[EventDate "2014.10.18"]

1. e4 e5 2. Nf3 Nc6 3. Nc3 Nf6 4. d4 exd4 5. Nxd4 Bb4 6. Nxc6 bxc6 7. Bd3 d5 8.
exd5 cxd5 9. O-O O-O 10. Bg5 c6 11. Qf3 Re8 12. h3 Bd6 13. Rfe1 Be5 14. Bf4 Bxf4
15. Qxf4 Be6 16. Ne2 c5 17. c4 dxc4 18. Bxc4 Bxc4 19. Qxc4 Qd2 20. Kf1 Qxb2 21.
Rab1 Qe5 22. Ng3 Qc7 23. Rec1 Re5 24. Rb5 Nd7 25. Ne4 a6 26. Rb2 Nb6 27. Qc2 c4
28. Rcb1 Nd7 29. Rb4 Rc8 30. Rc1 Nb6 31. Qb1 Re6 32. Kg1 h6 33. a3 Qc6 34. f3
Qc7 35. Kh1 Rc6 36. Rd1 Rd8 37. Rc1 Nd5 38. Rb7 Qc8 39. Nc3 Nf4 40. Re1 Rg6 41.
g4 Re6 42. Rxe6 Nxe6 43. Qb6 Re8 44. a4 Qd8 45. Qxd8 Rxd8 46. Rb4 Rd4 47. Kg1
Ng5 48. Kg2 Rd2+ 49. Kg3 Rd3 50. Rxc4 Rxf3+ 51. Kg2 Rxh3 52. Ne4 Ra3 53. Nc5 Ne6
54. Nxa6 Kf8 55. Kf2 Ke8 56. Nb8 g6 57. Nc6 Nd8 58. Nxd8 Kxd8 59. Rb4 Ke7 60.
Rb7+ Kf6 61. Rb4 Kg5 62. Kg2 h5 63. gxh5 Kxh5 64. Rb5+ f5 65. a5 Kg4 66. Rb6
Ra2+ 67. Kf1 g5 68. a6 f4 0-1

[Event "Chigorin Memorial 2014"]
[Site "St Petersburg RUS"]
[Date "2014.10.23"]
[Round "6.54"]
[White "Caprio, Guido"]
[Black "Shapiro, David"]
[Result "1-0"]
[WhiteTitle "IM"]
[BlackTitle "FM"]
[WhiteElo "2412"]
[BlackElo "2236"]
[WhiteFideId "834580"]
[BlackFideId "24133523"]
[EventDate "2014.10.18"]

1. a3 d5 2. Nf3 Nf6 3. g3 g6 4. Bg2 Bg7 5. O-O O-O 6. d3 c5 7. Nc3 Nc6 8. Rb1 a5
9. a4 e5 10. Bg5 h6 11. Bxf6 Bxf6 12. Nd2 Be6 13. e4 d4 14. Nd5 Bg7 15. c4 Rb8
16. f4 f5 17. exf5 Bxf5 18. Ne4 exf4 19. Nxf4 g5 20. Nd5 Bxe4 21. Bxe4 Qd6 22.
Qh5 Rxf1+ 23. Rxf1 Rf8 24. Rxf8+ Kxf8 25. Qh3 Ne7 26. Nxe7 Qxe7 27. Qc8+ Kf7 28.
Qa8 Be5 29. Qxa5 Qc7 30. Bd5+ Ke7 31. Qe1 b6 32. Qf1 Bf6 33. Qh3 Qe5 34. Be4 Bg7
35. Qc8 Qd6 36. Bd5 Kf6 37. Qe8 Bf8 38. Qf7+ Ke5 39. Be4 Qe7 40. Qd5+ Kf6 41.
Qf5+ Kg7 42. Qh7+ Kf6 43. Qg6+ Ke5 44. Qxb6 Qd6 45. Qb7 Qd8 46. Qf7 1-0

[Event "Chigorin Memorial 2014"]
[Site "St Petersburg RUS"]
[Date "2014.10.23"]
[Round "6.56"]
[White "Klukin, Kirill"]
[Black "Slavin, Alexey"]
[Result "1/2-1/2"]
[BlackTitle "IM"]
[WhiteElo "2234"]
[BlackElo "2397"]
[WhiteFideId "24199273"]
[BlackFideId "24104388"]
[EventDate "2014.10.18"]

1. d4 Nf6 2. Nf3 e6 3. c4 Bb4+ 4. Nbd2 d5 5. Qa4+ Nc6 6. Ne5 Bd7 7. Nxc6 Bxd2+
8. Bxd2 Bxc6 9. Qc2 dxc4 10. e3 Ne4 11. Bxc4 Nxd2 12. Qxd2 Bxg2 13. Rg1 Be4 14.
Qa5 O-O 15. Ke2 Bg6 16. Rac1 c6 17. Qxd8 Rfxd8 18. b4 a5 19. b5 Kf8 20. bxc6
bxc6 21. Bd3 Bxd3+ 22. Kxd3 Ra6 23. f4 g6 24. Rg2 Rb8 25. Rgc2 Rbb6 26. e4 Ke7
27. h4 h5 28. f5 gxf5 29. exf5 exf5 30. Rc5 Rb5 31. Ke3 Rab6 32. Kf4 Rxc5 33.
Rxc5 Rb4 34. Ke3 f4+ 35. Ke4 Ra4 36. Rxh5 f3 37. Kxf3 Rxd4 38. Rxa5 Rxh4 39.
Re5+ Kd6 40. Rf5 Ke6 41. Rc5 Kd6 42. Rf5 Ke7 43. Re5+ Kd6 44. Rf5 Ra4 45. Rxf7
Rxa2 46. Rf5 Rd2 47. Ke3 Rd1 48. Ke2 Rd4 49. Ke3 c5 50. Rf8 Kc6 51. Rb8 Rd7 52.
Rb2 Rh7 53. Kd3 Kd5 54. Rg2 Rh3+ 55. Kd2 1/2-1/2

[Event "Chigorin Memorial 2014"]
[Site "St Petersburg RUS"]
[Date "2014.10.23"]
[Round "6.57"]
[White "Pasiev, Rakhim"]
[Black "Davydov, Sergey P."]
[Result "1-0"]
[WhiteTitle "IM"]
[BlackTitle "FM"]
[WhiteElo "2393"]
[BlackElo "2228"]
[WhiteFideId "24122475"]
[BlackFideId "4123182"]
[EventDate "2014.10.18"]

1. e4 c5 2. Nf3 e6 3. d4 cxd4 4. Nxd4 Nc6 5. Nc3 d6 6. Be3 Nf6 7. Be2 Be7 8. O-O
O-O 9. f4 Qc7 10. Kh1 Bd7 11. Qe1 a6 12. Qg3 b5 13. a3 Rab8 14. e5 Ne8 15. Bd3
f5 16. exf6 Nxf6 17. Rae1 b4 18. Ne4 Nxe4 19. Bxe4 Bf6 20. Bxc6 Bxc6 21. Nxe6
Qb7 22. Nxf8 Rxf8 23. axb4 Qxb4 24. Bc1 Qc5 25. c3 Qf5 26. Rd1 Rd8 27. Be3 h5
28. Kg1 h4 29. Qh3 Qg6 30. f5 Qf7 31. Bd4 Be4 32. Bxf6 Qxf6 33. Rf4 d5 34. Qxh4
Qb6+ 35. Qf2 Qb3 36. Re1 1-0

[Event "Chigorin Memorial 2014"]
[Site "St Petersburg RUS"]
[Date "2014.10.23"]
[Round "6.59"]
[White "Ponfilenok, Vladimir"]
[Black "Kiselev, Pavel"]
[Result "1/2-1/2"]
[WhiteElo "2389"]
[BlackElo "2216"]
[WhiteFideId "24113522"]
[BlackFideId "4191102"]
[EventDate "2014.10.18"]

1. d4 Nf6 2. Nf3 d5 3. c4 e6 4. g3 Bb4+ 5. Bd2 Bd6 6. Bg2 O-O 7. O-O c6 8. c5
Bc7 9. Nc3 Nbd7 10. Bf4 Re8 11. Bxc7 Qxc7 12. Re1 e5 13. e4 exd4 14. Qxd4 dxe4
15. Nd2 Qe5 16. Qxe5 Nxe5 17. Ndxe4 Nxe4 18. Nxe4 Rd8 19. Nd6 f6 20. Re3 Nf7 21.
Nxc8 Raxc8 22. Re7 Rb8 23. Rae1 Kf8 24. Rc7 Ne5 25. f4 Rd7 26. Rxd7 Nxd7 27. b4
Rd8 28. Rd1 Ke7 29. Kf2 Nb8 30. Rxd8 Kxd8 31. Ke3 Na6 32. a3 Nc7 33. Be4 g6 34.
Bd3 Ke7 35. Bc4 h6 36. g4 Ne6 37. Bd3 Nc7 38. Bc4 Ne6 39. Ke4 Nc7 40. a4 a5 41.
bxa5 Na6 42. Bxa6 bxa6 43. Kd4 g5 44. f5 1/2-1/2

[Event "Chigorin Memorial 2014"]
[Site "St Petersburg RUS"]
[Date "2014.10.23"]
[Round "6.60"]
[White "Severina, Maria"]
[Black "Iljin, Timofey"]
[Result "1/2-1/2"]
[WhiteTitle "WIM"]
[BlackTitle "IM"]
[WhiteElo "2229"]
[BlackElo "2388"]
[WhiteFideId "4116909"]
[BlackFideId "14110180"]
[EventDate "2014.10.18"]

1. Nf3 d5 2. d4 Bf5 3. c4 e6 4. Nc3 Bb4 5. e3 Nf6 6. Qa4+ Nc6 7. cxd5 Nxd5 8.
Bd2 O-O 9. Bb5 Nce7 10. O-O Bd6 11. Be2 Ng6 12. Rac1 Re8 13. Rfd1 a6 14. Qb3 Rb8
15. Be1 c6 16. Nd2 e5 17. Nc4 e4 18. Nxd6 Qxd6 19. Nxd5 Be6 20. Bb4 Qxd5 21. Bc4
Qg5 22. Bd6 Rbd8 23. Bg3 Bxc4 24. Rxc4 Rd7 25. Rc5 Qd8 26. a4 Nf8 27. Qc2 Rd5
28. b4 Ne6 29. Rxd5 Qxd5 30. Rb1 h5 31. Qb3 Rd8 32. Qxd5 Rxd5 33. Kf1 Kf8 34.
Ke2 Ke7 35. Kd2 Kd7 36. Kc3 Rg5 37. h4 Rf5 38. Kc4 b5+ 39. axb5 axb5+ 40. Kb3
Kc8 41. Kc3 Nc7 42. Kd2 1/2-1/2

[Event "Chigorin Memorial 2014"]
[Site "St Petersburg RUS"]
[Date "2014.10.23"]
[Round "6.61"]
[White "Monin, Nikolay"]
[Black "Nanjo, Ryosuke"]
[Result "0-1"]
[WhiteTitle "IM"]
[BlackTitle "CM"]
[WhiteElo "2209"]
[BlackElo "2384"]
[WhiteFideId "4104013"]
[BlackFideId "7000634"]
[EventDate "2014.10.18"]

1. Nf3 d5 2. c4 c6 3. e3 Nf6 4. d4 e6 5. Nbd2 Nbd7 6. Bd3 Bd6 7. O-O O-O 8. e4
e5 9. cxd5 cxd5 10. Re1 Re8 11. exd5 exd4 12. Nxd4 Nc5 13. Bc4 Bg4 14. f3 Bh5
15. Rxe8+ Qxe8 16. Nf1 a6 17. a3 Qe5 18. Ne2 Rd8 19. Nc3 b5 20. Ba2 Bg6 21. Be3
Nd3 22. Qd2 Rc8 23. Kh1 Bxa3 24. f4 Qc7 25. bxa3 Qxc3 26. Qxc3 Rxc3 27. Bd4 Rxa3
28. Bxf6 gxf6 29. d6 Kf8 30. g3 Be4+ 31. Kg1 Bd5 0-1

[Event "Chigorin Memorial 2014"]
[Site "St Petersburg RUS"]
[Date "2014.10.23"]
[Round "6.62"]
[White "Siagodnik, Anton"]
[Black "Sergienko, Sergey"]
[Result "1-0"]
[WhiteTitle "FM"]
[BlackTitle "IM"]
[WhiteElo "2208"]
[BlackElo "2380"]
[WhiteFideId "13505963"]
[BlackFideId "4115791"]
[EventDate "2014.10.18"]

1. d4 Nf6 2. Nf3 e6 3. g3 b5 4. Bg2 Bb7 5. O-O Be7 6. Nbd2 O-O 7. c4 bxc4 8.
Nxc4 c5 9. Be3 Bd5 10. b3 Ng4 11. Qd3 Nxe3 12. Nxe3 Bxf3 13. Bxf3 d5 14. dxc5
Nd7 15. b4 Ne5 16. Qc2 Rb8 17. Rab1 Nxf3+ 18. exf3 Qc7 19. Rfc1 Rfc8 20. f4 h5
21. f5 d4 22. Nc4 exf5 23. Qxf5 g6 24. Qe5 Qd8 25. Rd1 Bf6 26. Qf4 Rc7 27. Nd6
Re7 28. Kg2 Bg5 29. Qf3 Qd7 30. a3 Kg7 31. Nc4 Bf6 32. Na5 Re6 33. Rd3 Rbe8 34.
Rbd1 h4 35. g4 Re4 36. h3 Qc7 37. g5 Bxg5 38. Rxd4 Rxd4 39. Rxd4 Bf6 40. Rd6 Be5
41. Rd5 Re6 42. Nc4 Rf6 43. Qd3 Ba1 44. Rd6 Rf5 45. Ne3 Rg5+ 46. Ng4 Qe7 47. Qe3
Be5 48. Rd5 Qb7 49. Qe4 Bb8 50. Re5 Qxe4+ 51. Rxe4 f5 52. Re8 Bf4 53. Kf3 Bc1
54. Ne5 1-0

[Event "Chigorin Memorial 2014"]
[Site "St Petersburg RUS"]
[Date "2014.10.23"]
[Round "6.63"]
[White "Bivol, Alina"]
[Black "Yandemirov, Valeri"]
[Result "1-0"]
[WhiteTitle "WIM"]
[BlackTitle "GM"]
[WhiteElo "2208"]
[BlackElo "2375"]
[WhiteFideId "4100123"]
[BlackFideId "4102622"]
[EventDate "2014.10.18"]

1. d4 Nf6 2. c4 g6 3. Nc3 d5 4. cxd5 Nxd5 5. e4 Nxc3 6. bxc3 Bg7 7. Nf3 c5 8.
Be3 Qa5 9. Nd2 O-O 10. Nb3 Qc7 11. Nxc5 b6 12. Nb3 Qxc3+ 13. Bd2 Qc6 14. Bd3 Ba6
15. Bxa6 Nxa6 16. Qe2 Qa4 17. O-O Rac8 18. Bg5 f6 19. Bd2 Nb4 20. Bxb4 Qxb4 21.
Rac1 a5 22. Rb1 Qc4 23. Qb2 Qd3 24. Rfe1 Rc2 25. Qa3 Kf7 26. d5 Rfc8 27. Rbd1
Qc4 28. Nd4 Rc3 29. Qb2 f5 30. Qxb6 Bxd4 31. Rxd4 Rc1 32. Rdd1 Rxd1 33. Qe6+ Kf8
34. Rxd1 fxe4 35. Qe5 Qe2 36. Qh8+ Kf7 37. Qxh7+ Kf6 38. Qh4+ Kf7 39. Qf4+ Ke8
40. Rf1 Rd8 41. Qe5 Qxa2 42. Qxe4 Qxd5 43. Qxg6+ Kf8 44. Qh6+ Kg8 45. Qh4 Qe5
46. Qg4+ Kf7 47. Qc4+ Kg7 48. Qc1 Rd4 49. Qa1 Re4 50. f3 Qd4+ 51. Qxd4+ Rxd4 52.
Ra1 a4 53. Kf2 Kf6 54. g4 Rb4 55. h4 e5 56. Kg3 e4 57. fxe4 Rxe4 58. Rf1+ Kg7
59. Rf5 a3 60. Ra5 Re3+ 61. Kf4 Rb3 62. Kg5 Kh7 63. h5 Kg8 64. Ra6 Kh7 65. Ra7+
Kh8 66. Kh4 Kg8 67. h6 Rb2 68. Rxa3 Kh7 69. Kh5 Rh2+ 70. Kg5 Rg2 71. Ra7+ Kh8
72. Kh5 Rb2 73. Rf7 Kg8 74. Kg6 Rb8 75. Rf6 Ra8 76. Re6 Rb8 77. g5 Ra8 78. Kf5
Kh7 79. Re7+ Kg8 80. Rg7+ Kh8 81. Re7 Kg8 82. g6 Ra5+ 83. Kf6 Ra6+ 84. Re6 Ra8
85. g7 Kh7 86. Kf7 Rf8+ 87. gxf8=N+ 1-0

[Event "Chigorin Memorial 2014"]
[Site "St Petersburg RUS"]
[Date "2014.10.23"]
[Round "6.64"]
[White "Minasyan, Arnold"]
[Black "Bazeev, German"]
[Result "0-1"]
[WhiteElo "2204"]
[BlackElo "2369"]
[WhiteFideId "13303783"]
[BlackFideId "24119350"]
[EventDate "2014.10.18"]

1. e4 c5 2. Nf3 d6 3. d4 cxd4 4. Nxd4 Nf6 5. Nc3 Nc6 6. Bg5 e6 7. Qd2 a6 8.
O-O-O Bd7 9. f4 b5 10. Bxf6 gxf6 11. Kb1 Qb6 12. Nxc6 Bxc6 13. Bd3 Qc5 14. Qe1
O-O-O 15. Rf1 Kb8 16. f5 b4 17. Ne2 e5 18. Nc1 d5 19. Bxa6 d4 20. Nb3 Qb6 21.
Bc4 Rd7 22. Qh4 Ba8 23. Rf3 Rc7 24. Nd2 Bc5 25. a4 Rhc8 26. Qxh7 Bd6 27. b3 d3
28. Rxd3 Bc5 29. Bd5 Bd4 30. Nc4 Qa7 31. Bxa8 Rxc4 32. Bd5 Rxc2 33. Rxd4 Qxd4 0-1

[Event "Chigorin Memorial 2014"]
[Site "St Petersburg RUS"]
[Date "2014.10.23"]
[Round "6.65"]
[White "Triapishko, Olexandr"]
[Black "Sukhareva, Evgeniya"]
[Result "1-0"]
[WhiteElo "2369"]
[BlackElo "2196"]
[WhiteFideId "14122286"]
[BlackFideId "4167155"]
[EventDate "2014.10.18"]

1. b3 e6 2. Bb2 b6 3. e3 Bb7 4. c4 c5 5. Nf3 Nf6 6. Be2 Be7 7. O-O O-O 8. Nc3 d5
9. cxd5 Nxd5 10. Rc1 Nd7 11. Qc2 Rc8 12. Rfd1 Qc7 13. a3 Qb8 14. Qb1 Rfd8 15. d3
Qa8 16. Ne4 N7f6 17. Ned2 Nd7 18. Bf1 Bf6 19. Nc4 Bxb2 20. Qxb2 N7f6 21. h3 Ne7
22. Be2 Nf5 23. b4 Ne8 24. Ncd2 cxb4 25. axb4 Rxc1 26. Rxc1 Nfd6 27. Ra1 Nc7 28.
Nc4 Nxc4 29. dxc4 a6 30. b5 a5 31. Qa3 Be4 32. Qe7 Ne8 33. Ne5 Bg6 34. Nd7 Rxd7
35. Qxd7 Be4 36. g3 Bb7 37. Qe7 1-0